000 00461nam a2200181Ia 4500
005 20250423100625.0
008 250422s9999 xx 000 0 und d
020 _a0395364647
050 _aTK 105 .Z54/
100 _aZiemer, R. E.
245 0 _aPrinciples of communications: systems, modulation, and noise ; solutions manual
250 _a2nd ed.
260 _aboston
260 _bHoughton Mifflin
260 _c1985
300 _a411 p
942 _cBK
999 _c33862
_d33862